000 00815nam a2200253Ia 4500
003 OSt
005 20221005062208.0
006 a|||||r|||| 00| 0
007 ta
008 221004b |||||||| |||| 00| 0 eng d
020 _a9781138051119 (hbk)
_cUKP 105.00
024 _a44524
037 _b395, 15/03/2019, Vimal Book Distribtors
_cTextual
040 _aCRL
_cCRL
_beng
041 _2eng
_aeng
082 _aV44Q71, Q8
100 _aBari M. Ehteshamul Au.
_9601549
245 0 _aStates of emergency and the law
_b experience of Bangladesh
260 _aLondon
_bRoutledge UK
_c2018
300 _axxii,257p.
_ccm.
650 _aBANGLA DESH - HISTORY
_914761
942 _hV44Q71, Q8
_cTEXL
_2cc
999 _c969348
_d969348